Technical siences and production management : selected trends /

Na minha lista:
Detalhes bibliográficos
Main Authors: Naqibullah, Daneshjo (Author), Majerník, Milan (Author), Kravec, Michal (Author), Čekan, Pavol, 1982- (Author), Kotulič, Rastislav (Author), Kravčáková Vozárová, Ivana (Author), Chodasová, Zuzana, 1963- (Author), Ďurišová, Mária (Author), Vavrek, Roman (Author), Hečková, Jaroslava (Author), Chapčáková, Alexandra (Author), Litavcová, Eva (Author), Marková, Stela (Author), Zelenáková, Martina (Author), Dietrich, Christian (Author)
Formato: Livro
Idioma:inglês
Publicado em: Düsseldorf : A&A Digitalprint, 2017
Edição:1. vyd.
Assuntos:
Tags: Adicionar Tag
Sem tags, seja o primeiro a adicionar uma tag!

MARC

LEADER 00000nam a22000003a 4500
001 0028539
003 SK-STU
005 20241029132003.7
007 ta
008 171205s ----xo-----e------000-0-----d
020 |a 978-3-00-055588-6 
040 |a STU  |b slo 
041 0 |a eng 
044 |a gw 
100 1 |a Naqibullah, Daneshjo  |4 aut  |9 8 
245 1 0 |a Technical siences and production management :  |b selected trends /  |c aut. Daneshjo Naqibullah, Milan Majerník, Michal Kravec, Pavol Čekan, Rastislav Kotulič, Ivana Kravčáková Vozárová, Zuzana Chodasová, Mária Ďurišová, Roman Vavrek, Jaroslava Hečková, Alexandra Chapčáková, Eva Litavcová, Stela Marková, Martina Zelenáková, Christian Dietrich 
250 |a 1. vyd. 
260 |a Düsseldorf :  |b A&A Digitalprint,  |c 2017 
300 |a  416 s. 
650 4 |a manažment výroby 
700 1 |a Majerník, Milan  |4 aut  |9 22  |r Z5  |X 506  |7 A000000506 
700 1 |a Kravec, Michal  |4 aut  |9 4 
700 1 |a Čekan, Pavol,  |d 1982-  |u 065200  |r Z1  |4 aut  |9 13  |U MTF Ústav integrovanej bezpečnosti  |T MTF Katedra bezpečnostného inžinierstva  |X 66185  |U M5200  |Y 192  |7 A000066185 
700 1 |a Kotulič, Rastislav  |4 aut  |9 5 
700 1 |a Kravčáková Vozárová, Ivana  |4 aut  |9 4 
700 1 |a Chodasová, Zuzana,  |d 1963-  |u 902021  |r Z1  |4 aut  |9 6  |U Ústav manažmentu STU  |T ÚM - Oddelenie ekonomiky a riadenia stavebníctva  |X 866  |U R2021  |Y 407  |7 866 
700 1 |a Ďurišová, Mária  |4 aut  |9 6 
700 1 |a Vavrek, Roman  |4 aut  |9 9 
700 1 |a Hečková, Jaroslava  |4 aut  |9 7 
700 1 |a Chapčáková, Alexandra  |4 aut  |9 7 
700 1 |a Litavcová, Eva  |4 aut  |9 5 
700 1 |a Marková, Stela  |4 aut  |9 1 
700 1 |a Zelenáková, Martina  |4 aut  |9 10 
700 1 |a Dietrich, Christian  |4 aut  |9 3 
996 |b 284M084591  |c M* CD-2703  |l MMKN  |s A  |a 24  |w 0028539_0001